00793nam a2200229 a 450000100100000000500170001000800410002702000150006804000250008308200180010810000280012624000360015424501240019026000540031430000260036849000190039453400450041365000290045865000270048770000300051483000190054400002274620200930021755.0101117s1985 mx r 000 0 spa d a9681621670 aDO-SdBNPbspacBNPHU a305.42bG481m1 aGilligan, Carol,d1936-10aIn a different voicelEspañol10aLa moral y la teoría :bpsicología del desarrollo femenino /cCarol Gilligan ; traducción de Juan José Utrilla. aMéxico :bFondo de Cultura Económicas,c1985. a288, [8] p. ;c18 cm.1 aPopular ;v326 aTítulo original:tIn a different voice 4aPsicología de la mujer 4aPsicología evolutiva1 aUtrilla, Juan Joséetr. 0aPopular ;v326